| 000 | 00384nam a2200133 4500 | ||
|---|---|---|---|
| 999 |
_c115297 _d115297 |
||
| 005 | 20220113153930.0 | ||
| 008 | 191231b ||||| |||| 00| 0 eng d | ||
| 040 | _cPK-LaUMT | ||
| 082 |
_a346.00264 _bUNC- |
||
| 245 |
_aUnclassified cases [UC, Vol.XXXII, 2011] _cedited by M. Farani. . .[et al.] |
||
| 260 |
_aLahore: _bNational Law Reporter, _c2011 |
||
| 300 | _a792 p. | ||
| 942 | _cLPJ | ||